Behind the scenes in a coal mine (Record no. 35716)

MARC details
000 -LEADER
fixed length control field 00475nam a2200133 a 4500
008 - FIXED-LENGTH DATA ELEMENTS--GENERAL INFORMATION
fixed length control field 120416s1964 ||||||||||||||||| || u
050 ## - LIBRARY OF CONGRESS CALL NUMBER
Classification number TN 802 New
100 ## - MAIN ENTRY--PERSONAL NAME
Personal name Newell, John
245 10 - TITLE STATEMENT
Title Behind the scenes in a coal mine
260 ## - PUBLICATION, DISTRIBUTION, ETC.
Place of publication, distribution, etc. London
Name of publisher, distributor, etc. Phoenix House
Date of publication, distribution, etc. 1964
300 ## - PHYSICAL DESCRIPTION
Extent 87p. : ill.
350 ## - PRICE (NR) (BK AM CF MU VM SE) [OBSOLETE]
Price 0.00
995 ## - RECOMMENDATION 995 [LOCAL, UNIMARC FRANCE]
-- 0.00
-- CBU-MAIN LIBRARY (Kitwe)
-- 1
-- 6.75
-- WEEDED
-- Jul 26, 2017
-- Main Library Open Access Collection
Holdings
Withdrawn status Lost status Source of classification or shelving scheme Damaged status Not for loan Home library Current library Shelving location Date acquired Total Checkouts Full call number Barcode Date last seen Price effective from Koha item type
          CBU-MAIN LIBRARY, KITWE. CBU-MAIN LIBRARY, KITWE.   11/30/2022   TN 802 New 016869 11/30/2022 11/30/2022 MONOGRAPH